Teória a politika kapitálovej štruktúry a majetkovo finančnej stability podnikateľských subjektov
Na minha lista:
| Autor principal: | |
|---|---|
| Autor Corporativo: | |
| Outros Autores: | |
| Formato: | Livro |
| Idioma: | eslovaco |
| Publicado em: |
Bratislava
Vydavateľstvo EKONÓM
2004
|
| Assuntos: | |
| Tags: |
Sem tags, seja o primeiro a adicionar uma tag!
|
MARC
| LEADER | 00000nam$a2200000$$$4500 | ||
|---|---|---|---|
| 001 | 0009049 | ||
| 005 | 20240502071354.6 | ||
| 020 | |a 80-225-1852-2 | ||
| 041 | 0 | |a slo | |
| 044 | |a SK | ||
| 245 | 1 | 0 | |a Teória a politika kapitálovej štruktúry a majetkovo finančnej stability podnikateľských subjektov |c Rudolf Sivák, Jana Mikócziová |
| 264 | 1 | |a Bratislava |b Vydavateľstvo EKONÓM |c 2004 | |
| 300 | |a 212 s. | ||
| 610 | 2 | 0 | |a štruktúra kapitálová |
| 610 | 2 | 0 | |a podnikatelia |
| 610 | 2 | 0 | |a podnikanie |
| 610 | 2 | 0 | |a náklady |
| 610 | 2 | 0 | |a kapitál |
| 610 | 2 | 0 | |a riziko finančné |
| 610 | 2 | 0 | |a náklady prevádzkové |
| 610 | 2 | 0 | |a modely štruktúrne |
| 610 | 2 | 0 | |a modely |
| 610 | 2 | 0 | |a politika dividendová |
| 610 | 2 | 0 | |a hodnota podniku |
| 610 | 2 | 0 | |a stabilita finančná |
| 100 | 1 | |a Sivák, Rudolf, 1955- | |
| 700 | 1 | |a Mikócziová, Jana | |
| 710 | 2 | |a Ekonomická univerzita v Bratislave. Národohospodárska fakulta | |